Library Logo

Pioneer International University Library Catalogue

Digital telephony and network integration / (Record no. 2327)

MARC details
000 -LEADER
fixed length control field 00561pam a2200169 a 4500
005 - DATE AND TIME OF LATEST TRANSACTION
control field 20250901165332.0
008 - FIXED-LENGTH DATA ELEMENTS--GENERAL INFORMATION
fixed length control field 831003s1985 nyua b 001 0 eng
010 ## - LIBRARY OF CONGRESS CONTROL NUMBER
LC control number 83021698
020 ## - INTERNATIONAL STANDARD BOOK NUMBER
International Standard Book Number 0442246595
050 00 - LIBRARY OF CONGRESS CALL NUMBER
Classification number TK6421
Item number .K45 1985
082 00 - DEWEY DECIMAL CLASSIFICATION NUMBER
Classification number 621.385
Edition information 19
100 1# - MAIN ENTRY--PERSONAL NAME
Personal name Keiser, Bernhard,
Dates associated with a name 1928-
245 10 - TITLE STATEMENT
Title Digital telephony and network integration /
Statement of responsibility, etc. Bernhard E. Keiser and Eugene Strange.
260 ## - PUBLICATION, DISTRIBUTION, ETC.
Place of publication, distribution, etc. New York :
Name of publisher, distributor, etc. Van Nostrand Reinhold Co.,
Date of publication, distribution, etc. c1985.
300 ## - PHYSICAL DESCRIPTION
Extent xvii, 451 p. :
Other physical details ill. ;
Dimensions 24 cm.
942 ## - ADDED ENTRY ELEMENTS (KOHA)
Source of classification or shelving scheme Library of Congress Classification
Classification part TK6421 .K45 1984
Holdings
Withdrawn status Lost status Source of classification or shelving scheme Damaged status Not for loan Home library Current library Shelving location Date acquired Total checkouts Full call number Barcode Date last seen Price effective from Koha item type
    Library of Congress Classification     Main Library Main Library   03/12/2021   TK6421 .K45 1985 PIU0004259 03/12/2021 03/12/2021 Books